| 000 | 01049cam a22003134a 4500 | ||
|---|---|---|---|
| 001 | 13926828 | ||
| 003 | OSt | ||
| 005 | 20211118160824.0 | ||
| 008 | 050412s2006 njua b 001 0 eng | ||
| 010 | _a 2005047668 | ||
| 020 | _a9788120330290 | ||
| 038 | _akhadija | ||
| 040 |
_aDLC _cDLC _dDLC |
||
| 042 | _apcc | ||
| 050 | 0 | 0 |
_aTS156.8 _b.J63 2011 |
| 082 | 0 | 0 |
_a629.83 _222 _bJOH |
| 100 | 1 |
_aJohnson, Curtis D., _d1939- _984514 |
|
| 245 | 1 | 0 |
_aProcess control instrumentation technology / _cCurtis D. Johnson. |
| 250 | _a8th ed. | ||
| 260 |
_aUpper Saddle River, NJ : _bPearson/Prentice Hall, _c2006. |
||
| 300 |
_ax, 694 p. : _bill. ; _c24 cm. |
||
| 504 | _aIncludes bibliographical references (p. 636) and index. | ||
| 563 | _aPB | ||
| 650 | 0 |
_aProcess control. _984515 |
|
| 650 | 0 |
_aEngineering instruments. _984516 |
|
| 906 |
_a7 _bcbc _corignew _d1 _eocip _f20 _gy-gencatlg |
||
| 942 |
_2ddc _cBK |
||
| 999 |
_c32337 _d32337 |
||